|
|
|
|
| LEADER |
00000nam0a2200000 4500 |
| 001 |
103771 |
| 005 |
20231031113748.0 |
| 020 |
|
|
|a RU
|b 85-102829
|
| 035 |
|
|
|a (RuTPU)RU\TPU\book\111869
|
| 090 |
|
|
|a 103771
|
| 100 |
|
|
|a 20061020d1985 k a0rusy5003 ca
|
| 101 |
0 |
|
|a rus
|
| 102 |
|
|
|a RU
|
| 105 |
|
|
|a a z 001zy
|
| 200 |
1 |
|
|a Термодинамические свойства метастабильных систем и кинетика фазовых превращений
|e сборник статей
|f Уральский научный центр; Академия Наук СССР; под ред. Е. Д. Никитина
|
| 210 |
|
|
|a Свердловск
|c УНЦ АН СССР
|d 1985
|
| 215 |
|
|
|a 85 с.
|c ил.
|d 21 см
|
| 320 |
|
|
|a Библиография в конце статей
|
| 610 |
1 |
|
|a расслаивание
|
| 610 |
1 |
|
|a фазовые переходы
|
| 610 |
1 |
|
|a кинетика
|
| 610 |
1 |
|
|a растворы
|
| 610 |
1 |
|
|a сборники
|
| 610 |
1 |
|
|a температура
|
| 610 |
1 |
|
|a жидкости
|
| 610 |
1 |
|
|a термодинамические функции
|
| 610 |
1 |
|
|a кристаллические решетки
|
| 610 |
1 |
|
|a аморфные слои
|
| 675 |
|
|
|a 536.7
|z rus
|
| 702 |
|
1 |
|a Никитин
|b Е. Д.
|4 340
|
| 712 |
0 |
2 |
|a Академия наук СССР (АН СССР)
|b Уральский научный центр (УНЦ)
|2 stltpush
|3 (RuTPU)RU\TPU\col\3284
|
| 801 |
|
0 |
|a RU
|b RuMRKP
|c 19950704
|g psbo
|
| 801 |
|
1 |
|a RU
|b 63413507
|c 20061020
|g PSBO
|
| 801 |
|
2 |
|a RU
|b 63413507
|c 20190617
|g PSBO
|
| 942 |
|
|
|c BK
|